| 000 | 00727nam a2200253 i 4500 | ||
|---|---|---|---|
| 001 | 17580 | ||
| 003 | ES-MaACL | ||
| 005 | 20250911062634.0 | ||
| 007 | t| | ||
| 008 | 010404s2001 sp ||||1| spa d | ||
| 020 | _a84-233-3269-1 | ||
| 080 | _a159.9 | ||
| 100 | 1 |
_aPinker, Steven. _992151 |
|
| 245 | 1 | 0 |
_aCómo funciona la mente / _cSteven Pinker ; traducción de Ferran Meler-Orti. |
| 250 | _a1ª ed. | ||
| 260 |
_aBarcelona : _bDestino, _c2001. |
||
| 300 |
_a862 p. ; _c23 cm. |
||
| 490 | 1 |
_aAncora y delfín ; _v910 |
|
| 650 | 1 | 7 |
_aPsicología _2embne _916540 |
| 700 | 1 |
_aMeler-Orti, Ferran. _979940 |
|
| 830 | 0 | 0 |
_aÁncora y Delfín _v910 _9151298 |
| 852 |
_aES-MaACL _jL-24499 _bR.129838 |
||
| 999 |
_c17580 _d17580 |
||